000 00293nam a22001217a 4500
008 160504b xxu||||| |||| 00| 0 eng d
020 _a9780060844264
020 _a0060844264
041 _aeng
080 _a61
245 _aLiving well with endometriosis:
_cKerry Ann Morris;
942 _2udc
_cBK
999 _c1770
_d1770